000 00267nam a22000977a 4500
999 _c532018
_d532018
082 _a747
_bEIN
100 _aVon Ensieded, Andreas.
245 _aMore dream Homes 100 inspirational Interior /
942 _2ddc
_cBK